00323pab a2200121 454500008004000000100001800040245004400058260000900102300001400111650002700125650001100152773003800163180718b2005 xxu||||| |||| 00| 0 eng d aTarr, G. Alan aTribes under American constitutionalism c2005 ap.88-105. aTribes - United States aTribes aIndian Journal of Federal Studies